书目信息 |
| 题名: |
水务管理法规标准规范全书
|
|
| 作者: | ;北京工业大学工业水务中心 编 | |
| 分册: | 法规政令卷 | |
| 出版信息: | 北京 中国标准出版社 2003.08 |
|
| 页数: | 162页 | |
| 开本: | 30cm | |
| 丛书名: | ||
| 单 册: | ||
| 中图分类: | D922.669 , TV213.4 | |
| 科图分类: | ||
| 主题词: | 水法--shui fa--法规--中国--汇编 , 水资源管理--shui zi yuan guan li--文件--中国--汇编 | |
| 电子资源: | ||
| ISBN: | 7-5066-3124-5 | |
| 000 | 01317nam0 2200277 450 | |
| 001 | 012008017788 | |
| 005 | 20080322111024.70 | |
| 010 | @a7-5066-3124-5@dCNY25.00 | |
| 100 | @a20080320d2003 km y0chiy0120 ea | |
| 101 | 0 | @achi |
| 102 | @aCN@b110000 | |
| 105 | @ay nz 000yy | |
| 106 | @ar | |
| 200 | 1 | @a水务管理法规标准规范全书@AShui Wu Guan Li Fa Gui Biao Zhun Gui Fan Quan Shu@i法规政令卷@f北京工业大学工业水务中心编@Fbei jing gong ye da xue gong ye shui wu zhong xin bian |
| 210 | @a北京@c中国标准出版社@d2003.08 | |
| 215 | @a162页@d30cm | |
| 330 | @a我国水资源严重短缺已成为社会和经济可持续发展的制约因素,为方便广大水务工作者和有关管理部门的使用,本书收集了覆盖了25个行业的水资源、生态环境、水质、水量、供水、排水、防洪防涝、雨水收集、水质处理、景观、消防和节约用水等方面的卫生、安全标准规范及法规。本册为政令法规卷,汇集了截止到2002年12月底发布的国家和部委有关的法规和政令共35项。 | |
| 333 | @a水务工作人员 | |
| 517 | 1 | @a法规政令卷@AFa Gui Zheng Ling Juan |
| 606 | 0 | @a水法@Ashui fa@x法规@y中国@j汇编 |
| 606 | 0 | @a水资源管理@Ashui zi yuan guan li@x文件@y中国@j汇编 |
| 690 | @aD922.669@v4 | |
| 690 | @aTV213.4@v4 | |
| 711 | 02 | @a北京工业大学工业水务中心@Abei jing gong ye da xue gong ye shui wu zhong xin@4编 |
| 801 | 0 | @aCN@bQSSK@c20080322 |
| 905 | @b20289054-56@dTV213.4@eB203@f3 | |
| 水务管理法规标准规范全书.法规政令卷/北京工业大学工业水务中心编.-北京:中国标准出版社,2003.08 |
| 162页;30cm |
| 使用对象:水务工作人员 |
| ISBN 7-5066-3124-5:CNY25.00 |
| 我国水资源严重短缺已成为社会和经济可持续发展的制约因素,为方便广大水务工作者和有关管理部门的使用,本书收集了覆盖了25个行业的水资源、生态环境、水质、水量、供水、排水、防洪防涝、雨水收集、水质处理、景观、消防和节约用水等方面的卫生、安全标准规范及法规。本册为政令法规卷,汇集了截止到2002年12月底发布的国家和部委有关的法规和政令共35项。 |
| ● |
| 相关链接 |
|
|
|
正题名:水务管理法规标准规范全书
索取号:TV213.4/B203
 
预约/预借
| 序号 | 登录号 | 条形码 | 馆藏地/架位号 | 状态 | 备注 |
| 1 | 289054 | 202890540 | 自科库501/501自科库 47排7列1层/ [索取号:TV213.4/B203] | 在馆 | |
| 2 | 289055 | 202890559 | 期刊室512/501自科库 47排7列1层/ [索取号:TV213.4/B203] | 在馆 | |
| 3 | 289056 | 202890568 | 自科库501/501自科库 47排7列1层/ [索取号:TV213.4/B203] | 在馆 |